The Modern Theory of Solution : Memoirs by Pfeffer, Van't Hoff Arrhenius, and Raoult /

Contenido: Investigaciones osmóticas. El papel de la presión osmótica en la analogía entre soluciones y gases. Sobre la disociación de sustancias disueltas en agua. La ley general de congelación de solventes. Sobre la presión de vapor de las soluciones etéreas. La ley general de los solventes a pres...

Бүрэн тодорхойлолт

-д хадгалсан:
Номзүйн дэлгэрэнгүй
Үндсэн зохиолч: Jones, Harry Clary (edición y traducción)
Формат: Ном
Хэл сонгох:англи
Хэвлэсэн: EUA : Wentworth, 2016
Цуврал:(Scholar Select)
(Harper's Scientific Memoirs ; 4)
Нөхцлүүд:
Шошгууд: Шошго нэмэх
Шошго байхгүй, Энэхүү баримтыг шошголох эхний хүн болох!

MARC

LEADER 00000nam^a2200000^a^4500
001 000414703
005 20250521000000.0
009 20260310122238.356
020 |a 978-1-37113-431-0 
037 |a Acervo ITESO - Biblioteca 
041 |a ING 
082 |a 541. 34  |b JON 
100 |a Jones, Harry Clary  |e (edición y traducción) 
245 1 4 |a The Modern Theory of Solution :  |b Memoirs by Pfeffer, Van't Hoff Arrhenius, and Raoult /  |c Ed. y tr. por H.C. Jones. 
264 1 |a EUA :  |b Wentworth,  |c 2016 
300 |a X, 133 p. 
336 |a texto  |b txt  |2 rdacontenido 
337 |a sin mediación  |b n  |2 rdamedio 
338 |a volumen  |b nc  |2 rdasoporte 
440 1 |a (Scholar Select) 
440 1 |a (Harper's Scientific Memoirs ;  |v 4) 
520 |a Contenido: Investigaciones osmóticas. El papel de la presión osmótica en la analogía entre soluciones y gases. Sobre la disociación de sustancias disueltas en agua. La ley general de congelación de solventes. Sobre la presión de vapor de las soluciones etéreas. La ley general de los solventes a presión de vapor. Biografía de Raoult. 
534 |a Reproducción facsimilar de la edición de 1899, publicada por Harper and Brothers Publishers en Nueva York 
649 |a XX 
650 |a Químicos Franceses -  |x Biografías 
650 |a Ley de Raoult 
650 |a Soluciones (Química) -  |x Teoría -  |x Tema Principal 
650 |a Soluciones (Química) -  |x Tema Principal 
650 |a Osmosis 
650 |a Gases -  |x Propiedades Físicas 
650 |a Líquidos -  |x Propiedades Físicas 
650 |a Materia - Propiedades 
650 |a Termodinámica 
650 |a Termoquímica 
650 |a Fisicoquímica -  |x Teoría 
650 |a Fisicoquímica -  |x Tema Principal 
650 |a Química 
650 |a Raoult, François-Marie 
910 |a Fondo General 
920 |a Impresos - Libros 
930 |a Colección General 
905 |a 101 
901 |a 0500324355  |b IT1  |c ACC  |i C167730  |u 20250521 
902 |a https://opac.biblio.iteso.mx/vufind/Record/000414703